Determination of glycosylation by high-performance affinity methods

Na minha lista:
Detalhes bibliográficos
Autor principal: Kundalia, Paras Harendra (Author)
Outros Autores: Katrlík, Jaroslav (Thesis advisor)
Formato: Manuscrito Livro
Idioma:eslovaco
inglês
Publicado em: 2023
Assuntos:
Acesso em linha:http://is.stuba.sk/zp/portal_zp.pl?podrobnosti=160250
Tags: Adicionar Tag
Sem tags, seja o primeiro a adicionar uma tag!

MARC

LEADER 00000ntm a22000003a 4500
001 stuzp76549
003 SK-STU
005 20230909210608.3
007 ta
008 150427s2015----xo-----f-mn---000-0-slo-d
040 |a STU  |b slo 
041 0 |a eng 
100 1 |a Kundalia, Paras Harendra  |u 044000  |k Z3  |4 aut  |U FCHPT Fakulta chemickej a potravinárskej technológie  |T FCHPT Ústav biotechnológie  |X 106326  |U C4000  |Y 102  |7 106326 
242 0 1 |a Stanovenie glykozylácie s využitím vysoko-účinných afinitných metód  |y slo 
245 1 0 |a Determination of glycosylation by high-performance affinity methods 
260 |c 2023 
650 4 |a vysokovýkonná glykoprofilácia  |2 slo 
650 4 |a glykánové biomarkery pre rakovinu  |2 slo 
650 4 |a bezkontaktná piezoelektrická tlač  |2 slo 
650 4 |a lektín  |2 slo 
650 4 |a biosenzor  |2 slo 
650 4 |a high-throughput glycoprofiling  |2 eng 
650 4 |a non-contact piezoelectric printing  |2 eng 
650 4 |a lectin  |2 eng 
650 4 |a biosensor  |2 eng 
650 4 |a glycan biomarkers for cancer  |2 eng 
700 1 |a Katrlík, Jaroslav  |4 ths  |X 73771  |7 73771 
856 4 |u http://is.stuba.sk/zp/portal_zp.pl?podrobnosti=160250